banner koha

Horóscopo da lavoura (Registro n. 330505)

MARC details
000 -LÍDER
fixed length control field 00836nab a2200253 4500
003 - CÓDIGO MARC DA AGÊNCIA CATALOGADORA
Campo de controle BR-BrBNA
005 - DATA E HORA DA ÚLTIMA ATUALIZAÇÃO
Campo de controle 20250318225732.0
008 - CAMPO DE TAMANHO FIXO
fixed length control field 250318b bl.||||| |||| 00| 0 por d
040 ## - FONTE DA CATALOGAÇÃO
Agência catalogadora BR-BrBNA
Idioma da catalogação por
072 ## - CATEGORIA AGRIS
Código AGRIS F08 ; F40 ; P01
100 ## - ENTRADA PRINCIPAL - NOME PESSOAL
Nome pessoal Araújo, Carla
245 ## - TÍTULO PRINCIPAL
Título principal Horóscopo da lavoura
Subtítulo Agrotecnologia
500 ## - NOTA GERAL
Nota geral 4 illus.
942 ## - ADDED ENTRY ELEMENTS (KOHA)
Koha item type Analítica
650 ## - ASSUNTO - THESAGRO
Cabeçalho tópico ou nome geográfico AGRICULTURA BIODINÂMICA
650 ## - ASSUNTO - THESAGRO
Cabeçalho tópico ou nome geográfico SISTEMA AGROFLORESTAL
650 ## - ASSUNTO - THESAGRO
Cabeçalho tópico ou nome geográfico AGRICULTURA ORGÂNICA
650 ## - ASSUNTO - THESAGRO
Cabeçalho tópico ou nome geográfico ALIMENTO SEM AGROTÓXICO
650 ## - ASSUNTO - THESAGRO
Cabeçalho tópico ou nome geográfico HOMEOPATIA
650 ## - ASSUNTO - THESAGRO
Cabeçalho tópico ou nome geográfico PECUÁRIA
650 ## - ASSUNTO - THESAGRO
Cabeçalho tópico ou nome geográfico EQUILÍBRIO ECOLÓGICO
773 0# - ENTRADA ANALÍTICA
Host Biblionumber 1706
Registro do item 346298
Imprenta São Paulo-SP Editora Três Ltda - E-mail: luizfsa@revistadinheiro.com.br 2004
Outro identificador 2024-6952
Título Dinheiro Rural (Brazil)
ISSN 1807-3700
Colação v. 3(16) p. 36-38; (Feb 2006)
Número de controle de registro BR2025000146

Nenhum exemplar disponível.

BINAGRI

Telefone: (61)3218-2567/2388/3357/2097 - binagri@agro.gov.br

Ministério da Agricultura e Pecuária , Esplanada dos Ministérios, Bloco D, Anexo B, Brasília/DF, CEP: 70.043-900